|
|
|
|
| LEADER |
00000nam0a2200000 4500 |
| 001 |
59963 |
| 005 |
20231101211841.0 |
| 035 |
|
|
|a (RuTPU)RU\TPU\book\63426
|
| 090 |
|
|
|a 59963
|
| 100 |
|
|
|a 20040129d1988 k y0rusy50 ca
|
| 101 |
1 |
|
|a rus
|c fre
|
| 102 |
|
|
|a RU
|
| 105 |
|
|
|a a z 000zy
|
| 200 |
1 |
|
|a ГПС в механической обработке
|e пер. с фр.
|f Б. Фроман, Ж.-Ж. Лезаж
|
| 210 |
|
|
|a Москва
|c Машиностроение
|d 1988
|
| 215 |
|
|
|a 118 с.
|c ил.
|
| 606 |
1 |
|
|a Металлорежущие станки
|x Гибкие производственные системы (ГПС)
|2 stltpush
|3 (RuTPU)RU\TPU\subj\73052
|9 86292
|
| 610 |
1 |
|
|a металлообработка
|
| 610 |
1 |
|
|a металлорезание
|
| 610 |
1 |
|
|a гибкие автоматизированные производства
|
| 610 |
1 |
|
|a резание металлов
|
| 610 |
1 |
|
|a автоматизация
|
| 675 |
|
|
|a 621.9.06:658
|v 3
|
| 700 |
|
1 |
|a Фроман
|b Б.
|g Бернар
|
| 701 |
|
1 |
|a Лезаж
|b Ж.-Ж.
|g Жан-Жак
|
| 801 |
|
1 |
|a RU
|b 63413507
|c 20040129
|g PSBO
|
| 801 |
|
2 |
|a RU
|b 63413507
|c 20201109
|g PSBO
|
| 942 |
|
|
|c BK
|